Statistics for Top 10 Man City PL scorers

Click here to take the quiz!

General Stats

  • This quiz has been taken 41 times
  • The average score is 5 of 10

Answer Stats

HintAnswer% Correct
120Aguero
97%
37Silva
88%
61Toure
81%
50Dzeko
72%
58Tevez
66%
27Wright-Phillips
19%
37Anelka
16%
21Fowler
9%
29Quinn
9%
29Rosler
0%

Score Distribution

Percentile by Number Answered

Percent of People with Each Score

Your Score History

You have not taken this quiz